<?xml version="1.0" encoding="UTF-8"?>
<record
    xmlns:xsi="http://www.w3.org/2001/XMLSchema-instance"
    xsi:schemaLocation="http://www.loc.gov/MARC21/slim http://www.loc.gov/standards/marcxml/schema/MARC21slim.xsd"
    xmlns="http://www.loc.gov/MARC21/slim">

  <leader>00602nam a22002057a 4500</leader>
  <controlfield tag="003">OSt</controlfield>
  <controlfield tag="005">20260608101522.0</controlfield>
  <controlfield tag="008">260608b        |||||||| |||| 00| 0 eng d</controlfield>
  <datafield tag="040" ind1=" " ind2=" ">
    <subfield code="c">Chuka University Library</subfield>
  </datafield>
  <datafield tag="050" ind1=" " ind2=" ">
    <subfield code="a">RG 627.5 .J6 2013</subfield>
  </datafield>
  <datafield tag="082" ind1=" " ind2=" ">
    <subfield code="2">7th Edition</subfield>
  </datafield>
  <datafield tag="100" ind1=" " ind2=" ">
    <subfield code="a">Jones Kenneth Lyons</subfield>
    <subfield code="9">27432</subfield>
  </datafield>
  <datafield tag="245" ind1=" " ind2=" ">
    <subfield code="a">Smith's Recognizable Patterns Of Human Malformation</subfield>
  </datafield>
  <datafield tag="260" ind1=" " ind2=" ">
    <subfield code="a">Elsevier</subfield>
    <subfield code="b">Library Of Congress</subfield>
    <subfield code="c">2013</subfield>
  </datafield>
  <datafield tag="300" ind1=" " ind2=" ">
    <subfield code="a">998p.</subfield>
  </datafield>
  <datafield tag="650" ind1=" " ind2=" ">
    <subfield code="a">Congenital Abnormalities</subfield>
    <subfield code="9">27433</subfield>
  </datafield>
  <datafield tag="700" ind1=" " ind2=" ">
    <subfield code="a">Marilyn Crandall Jones</subfield>
    <subfield code="9">27434</subfield>
  </datafield>
  <datafield tag="700" ind1=" " ind2=" ">
    <subfield code="a">Miguel Del Campo</subfield>
    <subfield code="9">27435</subfield>
  </datafield>
  <datafield tag="942" ind1=" " ind2=" ">
    <subfield code="2">lcc</subfield>
    <subfield code="c">BK</subfield>
    <subfield code="n">0</subfield>
  </datafield>
  <datafield tag="952" ind1=" " ind2=" ">
    <subfield code="0">0</subfield>
    <subfield code="1">0</subfield>
    <subfield code="2">lcc</subfield>
    <subfield code="4">0</subfield>
    <subfield code="7">0</subfield>
    <subfield code="8">LGL</subfield>
    <subfield code="a">CHK</subfield>
    <subfield code="b">CHK</subfield>
    <subfield code="c">GEN</subfield>
    <subfield code="d">2026-06-08</subfield>
    <subfield code="g">1647.33</subfield>
    <subfield code="l">0</subfield>
    <subfield code="o">RG 627.5 .J6 2013 </subfield>
    <subfield code="p">32877/2026</subfield>
    <subfield code="r">2026-06-08 10:21:38</subfield>
    <subfield code="t">C.1</subfield>
    <subfield code="w">2026-06-08</subfield>
    <subfield code="y">BK</subfield>
  </datafield>
  <datafield tag="952" ind1=" " ind2=" ">
    <subfield code="0">0</subfield>
    <subfield code="1">0</subfield>
    <subfield code="2">lcc</subfield>
    <subfield code="4">0</subfield>
    <subfield code="7">0</subfield>
    <subfield code="8">LGL</subfield>
    <subfield code="a">CHK</subfield>
    <subfield code="b">CHK</subfield>
    <subfield code="c">GEN</subfield>
    <subfield code="d">2026-06-08</subfield>
    <subfield code="g">1647.33</subfield>
    <subfield code="l">0</subfield>
    <subfield code="o">RG 627.5 .J6 2013 </subfield>
    <subfield code="p">32878/2026</subfield>
    <subfield code="r">2026-06-08 10:23:32</subfield>
    <subfield code="t">C.4</subfield>
    <subfield code="w">2026-06-08</subfield>
    <subfield code="y">BK</subfield>
  </datafield>
  <datafield tag="952" ind1=" " ind2=" ">
    <subfield code="0">0</subfield>
    <subfield code="1">0</subfield>
    <subfield code="2">lcc</subfield>
    <subfield code="4">0</subfield>
    <subfield code="7">0</subfield>
    <subfield code="8">LGL</subfield>
    <subfield code="a">CHK</subfield>
    <subfield code="b">CHK</subfield>
    <subfield code="c">GEN</subfield>
    <subfield code="d">2026-06-08</subfield>
    <subfield code="g">1647.33</subfield>
    <subfield code="l">0</subfield>
    <subfield code="o">RG 627.5 .J6 2013 </subfield>
    <subfield code="p">32882/2026</subfield>
    <subfield code="r">2026-06-08 10:24:50</subfield>
    <subfield code="t">C.2</subfield>
    <subfield code="w">2026-06-08</subfield>
    <subfield code="y">BK</subfield>
  </datafield>
  <datafield tag="952" ind1=" " ind2=" ">
    <subfield code="0">0</subfield>
    <subfield code="1">0</subfield>
    <subfield code="2">lcc</subfield>
    <subfield code="4">0</subfield>
    <subfield code="7">0</subfield>
    <subfield code="8">LGL</subfield>
    <subfield code="a">CHK</subfield>
    <subfield code="b">CHK</subfield>
    <subfield code="c">GEN</subfield>
    <subfield code="d">2026-06-08</subfield>
    <subfield code="g">1647.33</subfield>
    <subfield code="l">0</subfield>
    <subfield code="o">RG 627.5 .J6 2013 </subfield>
    <subfield code="p">32881/2026</subfield>
    <subfield code="r">2026-06-08 10:25:59</subfield>
    <subfield code="t">C.3</subfield>
    <subfield code="w">2026-06-08</subfield>
    <subfield code="y">BK</subfield>
  </datafield>
  <datafield tag="952" ind1=" " ind2=" ">
    <subfield code="0">0</subfield>
    <subfield code="1">0</subfield>
    <subfield code="2">lcc</subfield>
    <subfield code="4">0</subfield>
    <subfield code="7">0</subfield>
    <subfield code="8">LGL</subfield>
    <subfield code="a">CHK</subfield>
    <subfield code="b">CHK</subfield>
    <subfield code="c">GEN</subfield>
    <subfield code="d">2026-06-08</subfield>
    <subfield code="g">1647.33</subfield>
    <subfield code="l">0</subfield>
    <subfield code="o">RG 627.5 .J6 2013 </subfield>
    <subfield code="p">32876/2026</subfield>
    <subfield code="r">2026-06-08 10:26:56</subfield>
    <subfield code="t">C.8</subfield>
    <subfield code="w">2026-06-08</subfield>
    <subfield code="y">BK</subfield>
  </datafield>
  <datafield tag="952" ind1=" " ind2=" ">
    <subfield code="0">0</subfield>
    <subfield code="1">0</subfield>
    <subfield code="2">lcc</subfield>
    <subfield code="4">0</subfield>
    <subfield code="7">0</subfield>
    <subfield code="8">LGL</subfield>
    <subfield code="a">CHK</subfield>
    <subfield code="b">CHK</subfield>
    <subfield code="c">GEN</subfield>
    <subfield code="d">2026-06-08</subfield>
    <subfield code="g">1647.33</subfield>
    <subfield code="l">0</subfield>
    <subfield code="o">RG 627.5 .J6 2013 </subfield>
    <subfield code="p">32875/2026</subfield>
    <subfield code="r">2026-06-08 10:30:06</subfield>
    <subfield code="t">C.6</subfield>
    <subfield code="w">2026-06-08</subfield>
    <subfield code="y">BK</subfield>
  </datafield>
  <datafield tag="952" ind1=" " ind2=" ">
    <subfield code="0">0</subfield>
    <subfield code="1">0</subfield>
    <subfield code="2">lcc</subfield>
    <subfield code="4">0</subfield>
    <subfield code="7">0</subfield>
    <subfield code="8">LGL</subfield>
    <subfield code="a">CHK</subfield>
    <subfield code="b">CHK</subfield>
    <subfield code="c">GEN</subfield>
    <subfield code="d">2026-06-08</subfield>
    <subfield code="g">1647.33</subfield>
    <subfield code="l">0</subfield>
    <subfield code="o">RG 627.5 .J6 2013 </subfield>
    <subfield code="p">32873/2026</subfield>
    <subfield code="r">2026-06-08 10:31:08</subfield>
    <subfield code="t">C.7</subfield>
    <subfield code="w">2026-06-08</subfield>
    <subfield code="y">BK</subfield>
  </datafield>
  <datafield tag="952" ind1=" " ind2=" ">
    <subfield code="0">0</subfield>
    <subfield code="1">0</subfield>
    <subfield code="2">lcc</subfield>
    <subfield code="4">0</subfield>
    <subfield code="7">0</subfield>
    <subfield code="8">LGL</subfield>
    <subfield code="a">CHK</subfield>
    <subfield code="b">CHK</subfield>
    <subfield code="c">GEN</subfield>
    <subfield code="d">2026-06-08</subfield>
    <subfield code="g">1647.33</subfield>
    <subfield code="l">0</subfield>
    <subfield code="o">RG 627.5 .J6 2013 </subfield>
    <subfield code="p">32874/2026</subfield>
    <subfield code="r">2026-06-08 10:32:04</subfield>
    <subfield code="t">C.10</subfield>
    <subfield code="w">2026-06-08</subfield>
    <subfield code="y">BK</subfield>
  </datafield>
  <datafield tag="952" ind1=" " ind2=" ">
    <subfield code="0">0</subfield>
    <subfield code="1">0</subfield>
    <subfield code="2">lcc</subfield>
    <subfield code="4">0</subfield>
    <subfield code="7">0</subfield>
    <subfield code="8">LGL</subfield>
    <subfield code="a">CHK</subfield>
    <subfield code="b">CHK</subfield>
    <subfield code="c">GEN</subfield>
    <subfield code="d">2026-06-08</subfield>
    <subfield code="g">1647.33</subfield>
    <subfield code="l">0</subfield>
    <subfield code="o">RG 627.5 .J6 2013 </subfield>
    <subfield code="p">32880/2026</subfield>
    <subfield code="r">2026-06-08 10:34:16</subfield>
    <subfield code="t">C.5</subfield>
    <subfield code="w">2026-06-08</subfield>
    <subfield code="y">BK</subfield>
  </datafield>
  <datafield tag="952" ind1=" " ind2=" ">
    <subfield code="0">0</subfield>
    <subfield code="1">0</subfield>
    <subfield code="2">lcc</subfield>
    <subfield code="4">0</subfield>
    <subfield code="7">0</subfield>
    <subfield code="8">LGL</subfield>
    <subfield code="a">CHK</subfield>
    <subfield code="b">CHK</subfield>
    <subfield code="c">GEN</subfield>
    <subfield code="d">2026-06-08</subfield>
    <subfield code="g">1647.33</subfield>
    <subfield code="l">0</subfield>
    <subfield code="o">RG 627.5 .J6 2013 </subfield>
    <subfield code="p">32879/2026</subfield>
    <subfield code="r">2026-06-08 10:35:17</subfield>
    <subfield code="t">C.9</subfield>
    <subfield code="w">2026-06-08</subfield>
    <subfield code="y">BK</subfield>
  </datafield>
  <datafield tag="999" ind1=" " ind2=" ">
    <subfield code="c">23432</subfield>
    <subfield code="d">23432</subfield>
  </datafield>
</record>
